completa il titolo dei videogiochi - Statistics

Statistiche generali
  • Questo quiz è stato fatto 256 volte
  • Il punteggio medio è 11 su 15
Statistiche sulle risposte
Hint Risposta % Corretto
call of duty
98%
assassin's creed
96%
mine craft
95%
the last of us
94%
the legend of zelda
88%
god of war
84%
final fantasy
80%
just dance
78%
fall out
71%
tomb raider
71%
street fighter
66%
mass effect
58%
grand theft auto V
54%
track mania
45%
under tale
37%
Nessun quiz corrispondente trovato
Distribuzione punteggi
Percentuale di utenti per punteggio
Percentile per numero di risposta
I tuoi punteggi nel tempo
Non hai fatto questo quiz